000 00368nam a2200109 4500
082 _a660.6 NIS
084 _2Colon Classification
100 _aNisha Rani D
245 _aStudies on the oxidase rich plants callus cultures for biocatalysis/
_cNisha Rani D
260 _aRegional Research Laboratory, CSIR, Pappanamcode;
_bUniversity of Kerala:
_c2006.
942 _2ddc
_cTH
999 _c750098
_d750098